=LDR 00000nam 2200000 4500 =001 INLIS000000000015173 =005 20200825010052 =035 ##$$a 0010-061300000015173 =008 200825################g##########0#ind## =041 ##$$a Ind =082 ##$$a 2x5.1 =090 ##$$a 2x5.1, AQM-t =100 1#$$a Ghazali, Imam =245 1#$$a Tujuh perkara yang menghancurkan diri /$c Marzuki Aqmal, Iman Al-Ghazali, =260 ##$$a Jawa Timur :$b Putra Pelajar,$c 1998 =300 ##$$a 96 hlm. ; $c 20 x 14 cm. =650 #4$$a Akhlak-Islam =850 ##$$a NBPNMAT =084 ##$$a 2x5.1 AQM t =250 ##$$a cet.1 =700 #$$a Iman Al-Ghazali, =990 ##$$a 141.684/pro-99 =990 ##$$a 141.685/Pro-99 =990 ##$$a DW20009170 =990 ##$$a DW20009167